Enterprise Governance of Information Technology / (Record no. 36948)

MARC details
000 -LEADER
fixed length control field 00503nam a22001817a 4500
005 - DATE AND TIME OF LATEST TRANSACTION
control field 20250630102322.0
008 - FIXED-LENGTH DATA ELEMENTS--GENERAL INFORMATION
fixed length control field 250630b |||||||| |||| 00| 0 eng d
020 ## - INTERNATIONAL STANDARD BOOK NUMBER
ISBN 9783030259204
082 ## - DEWEY DECIMAL CLASSIFICATION NUMBER
Classification number 005.8
Item number HAE-E
100 ## - MAIN ENTRY--AUTHOR
Author Name Haes, Steven De
245 ## - TITLE STATEMENT
Title Enterprise Governance of Information Technology /
Statement of responsibility, etc. Wim Van Grembergen
250 ## - EDITION STATEMENT
Edition statement 3ed ed.
260 ## - PUBLICATION, DISTRIBUTION, ETC.
Place of Publication USA:
Name of publisher, distributor, etc. Springer;
Date of publication, distribution, etc. 2019.
300 ## - PHYSICAL DESCRIPTION
Pages xiv, 204 p. :
500 ## - GENERAL NOTE
General note include index.
650 ## - SUBJECT ADDED ENTRY--TOPICAL TERM
Subject / Department DataScience
300 ## - PHYSICAL DESCRIPTION
-- ill;
-- 24 cm.
952 ## - LOCATION AND ITEM INFORMATION (KOHA)
-- 0
-- 0
Holdings
Lost status Damaged status Collection code Permanent Location Current Location Shelving Location Date acquired Full Call Number Accession No./Barcode Date last seen item type Koha item type
    CS/IT Superior Information Resource Center (SIRC) Superior University- Gold Campus Superior Information Resource Center (SIRC) Superior University- Gold Campus Data Science 06/30/2025 005.8 HAE-E 2019 30245 06/30/2025 BOOK BOOK

Powered by Koha